Qui sont ces personnalités politiques ? - EELV - Statistiques

Statistiques générales
  • Ce quiz a été pris 174 fois
  • Le résultat moyen est 9 sur 16
Statistiques - réponses
Par images Réponse % Correct
Sandrine Rousseau
99%
Yannick Jadot
97%
Eva Joly
88%
Marine Tondelier
81%
Cécile Duflot
66%
José Bové
66%
Noël Mamère
66%
Julien Bayou
56%
Éric Piolle
48%
Barbara Pompili
39%
Grégory Doucet
38%
Dominique Voynet
36%
Cyrielle Chatelain
32%
Pierre Hurmic
29%
David Cormand
14%
Jeanne Barseghian
12%
Aucun quiz correspondant
Distribution des résultats
% des personnes avec chaque résultat
Percentile par nombre de réponses
Votre historique - résultats
Vous n’avez pas pris ce quiz